000 00509nam a2200169 i 4500
001 141012
003 ES-MaACL
005 20230906200213.0
007 t|
008 070919s1961 ag ||||1| spa d
100 1 _aYoung, Gordon.
_9117690
245 1 4 _aLas dos vidas de Alfred Krupp /
_cGordon Young ; [traducción de Enrique de Juan].
260 _aBuenos Aires :
_bPlaza & Janés,
_c[1961]
300 _a206 p. ;
_c18 cm.
700 1 _aJuan, Enrique de.
_967090
852 _aES-MaACL
_jC-20270
_bR.48710
999 _c141012
_d141012